[Event "Verbandsliga Nordbaden 2223"]
[Site "Germany"]
[Date "2023.03.05"]
[Round "7.8"]
[White "Malich, Roman"]
[Black "Schulze, Eberhard"]
[Result "1/2-1/2"]
[WhiteElo "1934"]
[BlackElo "2198"]
[PlyCount "26"]
[EventDate "2022.09.25"]
[EventType "team-tourn"]
[EventRounds "9"]
[EventCountry "GER"]
[SourceTitle "EXT 2024"]
[Source "ChessBase"]
[SourceDate "2023.10.10"]
[SourceVersion "1"]
[SourceVersionDate "2023.10.10"]
[SourceQuality "1"]
[WhiteTeam "Walldorf II"]
[BlackTeam "Pforzheim"]
[WhiteTeamCountry "GER"]
[BlackTeamCountry "GER"]

1. d4 Nf6 2. Nf3 g6 3. Bg5 Bg7 4. Nbd2 d5 5. e3 Bf5 6. Be2 0-0 7. h3 c5 8. c3 Qb6 9. Qb3 Nc6 10. 0-0 Rfe8 11. g4 Be6 12. Qa3 cxd4 13. cxd4 h5 1/2-1/2

[Event "Verbandsliga Nordbaden 2223"]
[Site "Germany"]
[Date "2023.01.22"]
[Round "5.8"]
[White "Malich, Roman"]
[Black "Khoshnevis, Farzin Daniel"]
[Result "0-1"]
[WhiteElo "1934"]
[BlackElo "1887"]
[PlyCount "114"]
[EventDate "2022.09.25"]
[EventType "team-tourn"]
[EventRounds "9"]
[EventCountry "GER"]
[SourceTitle "EXT 2024"]
[Source "ChessBase"]
[SourceDate "2023.10.10"]
[SourceVersion "1"]
[SourceVersionDate "2023.10.10"]
[SourceQuality "1"]
[WhiteTeam "Walldorf II"]
[BlackTeam "Mosbach"]
[WhiteTeamCountry "GER"]
[BlackTeamCountry "GER"]

1. d4 d5 2. Nf3 Nf6 3. Bf4 c5 4. e3 Nc6 5. Nbd2 cxd4 6. exd4 Qb6 7. Nb3 Bg4 8. Be2 e6 9. a4 a5 10. 0-0 Be7 11. Qd3 0-0 12. Qb5 Nd7 13. Rfe1 Qxb5 14. axb5 Nb4 15. Rec1 Bf5 16. Ne1 a4 17. Nd2 e5 18. dxe5 d4 19. Ndf3 Nd5 20. Bd2 a3 21. Nxd4 axb2 22. Rxa8 Rxa8 23. Rb1 Ra1 24. Rxb2 Ba3 25. Rb3 Bg6 26. Bf3 N7b6 27. Bxd5 Nxd5 28. g3 Bc5 29. Ndf3 Bxc2 30. Rb2 Be4 31. Kg2 Bd4 32. Rb3 Bxe5 33. Kh3 Bf6 34. Ng2 h5 35. Nf4 Ra2 36. Be1 Nxf4+ 37. gxf4 Rc2 38. Ba5 Rxf2 39. Kg3 Ra2 40. Bc7 Bd5 41. Rc3 Rb2 42. b6 Rb3 43. Rxb3 Bxb3 44. Ne5 Bd5 45. Nd3 Kf8 46. Bd6+ Ke8 47. Ne5 Be7 48. Bc7 f6 49. Ng6 Bd8 50. Bd6 Be4 51. Nh4 Bxb6 52. f5 Be3 53. Bb4 b6 54. Ba3 Bc5 55. Bc1 Bd6+ 56. Kf2 Bxh2 57. Ke3 Bb1 0-1

[Event "Gelsenkirchen Silvester op 2nd"]
[Site "Gelsenkirchen"]
[Date "2014.12.27"]
[Round "2"]
[White "Demond, Ricardo"]
[Black "Malich, Roman"]
[Result "1-0"]
[WhiteElo "1739"]
[BlackElo "1340"]
[PlyCount "85"]
[EventDate "2014.12.27"]
[EventType "swiss"]
[EventRounds "5"]
[EventCountry "GER"]
[SourceTitle "EXT 2019"]
[Source "ChessBase"]
[SourceDate "2018.10.10"]
[SourceVersion "1"]
[SourceVersionDate "2018.10.10"]
[SourceQuality "1"]

1. e4 c5 2. Nf3 Nc6 3. d4 cxd4 4. Nxd4 Nf6 5. Nxc6 dxc6 6. Qxd8+ Kxd8 7. e5 Nd5 8. c3 Bf5 9. Be2 e6 10. 0-0 Bc5 11. Rd1 Ke7 12. b4 Bb6 13. Bd2 Bc7 14. f4 Bb6+ 15. Kf1 Ne3+ 16. Bxe3 Bxe3 17. g3 Rhd8 18. Na3 Rxd1+ 19. Rxd1 Rd8 20. Rxd8 Kxd8 21. Nc4 Bc1 22. Ke1 b5 23. Kd1 bxc4 24. Kxc1 Be4 25. Bxc4 Bd5 26. Bxd5 exd5 27. Kd2 Kc7 28. Kd3 Kb6 29. a4 g6 30. g4 Kc7 31. Kd4 h6 32. Kc5 a6 33. a5 h5 34. gxh5 gxh5 35. f5 h4 36. h3 Kd7 37. Kb6 f6 38. e6+ Kd6 39. Kxa6 Ke5 40. e7 Kxf5 41. e8Q Kg5 42. Qe3+ Kf5 43. Kb6 1-0